Starting off : establishing play and communication in the handicapped child /

Wedi'i Gadw mewn:
Manylion Llyfryddiaeth
Prif Awdur: Kiernan, Chris
Awduron Eraill: Jordan, Rita (joint author.), Saunders, Chris (joint author.)
Fformat: Llyfr
Iaith:English
Cyhoeddwyd: London : Souvenir Press, 1978.
Cyfres:Human horizons series
A Condor book
Pynciau:
LEADER 01472nam a2200409 a 4500
001 c000334714
003 CARM
005 20001003211137.0
008 791218s1978 enkaf b 001 0 eng
010 |a 79321339 //r914 
015 |a GB*** 
019 1 |a 1622279  |z 23892258  |5 LACONCORD2021 
020 |a 0285648519 :  |c £5.00 
020 |a 0285648519 
020 |a 0285648527 (Pbk) 
035 |a (OCoLC)5231416  |5 LACONCORD2021 
040 |a LC  |b eng  |c LC  |d NUNE 
050 0 0 |a RJ506.M4  |b K53 
050 4 |a LC4601  |b .K5 1978 
082 0 0 |a 362.7/8/3 
082 0 4 |a 371.9/28 
100 1 |a Kiernan, Chris. 
245 1 0 |a Starting off :  |b establishing play and communication in the handicapped child /  |c by Chris Kiernan, Rita Jordan and Chris Saunders. 
260 |a London :  |b Souvenir Press,  |c 1978. 
300 |a 320 p., [4] leaves of plates :  |b ill. ;  |c 23 cm. 
490 0 |a Human horizons series 
490 0 |a A Condor book 
500 |a Includes index. 
504 |a Bibliography: p. [318] 
650 0 |a Life skills  |x Study and teaching. 
650 0 |a Mentally handicapped children  |x Life skills guides. 
650 0 |a Special education. 
700 1 |a Jordan, Rita,  |e joint author. 
700 1 |a Saunders, Chris,  |e joint author. 
852 8 |b CARM  |h A1:AL34B0  |i B10209  |p 0460288  |f BK 
999 f f |i 0c077742-98af-5d6c-815e-5c4091a358b8  |s e7cdcde8-0d04-59fc-ad33-2a87421010c1 
952 f f |p Can circulate  |a CAVAL  |b CAVAL  |c CAVAL  |d CARM 1 Store  |e B10209  |f A1:AL34B0  |h Other scheme  |i book  |m 0460288